000 00573nam a2200217Ia 4500
003 OSt
005 20220926042420.0
006 a|||||r|||| 00| 0
007 ta
008 220923b |||||||| |||| 00| 0 eng d
037 _cGeneral Book
040 _aRTL
_cRTL
_beng
041 _2eng
_aeng
082 _aNB.73.N5, J8
100 _aWebster Donald H
_9346242
245 0 _aUrban planning and municipal public policy
260 _c1958
650 _aFine Arts
_934717
942 _hNB.73.N5, J8
_cGB
_2CC
999 _c669672
_d669672